000
00195 a2200097 4500
001
1006
100
_a
Sandeman,E.K.
245
_a
Radio Engineering
260
_a
_b
Chapman
_c
090
_c
579
_d
579
942
_a
NUST-CAE
_c
M
_c
32255
999
_c
236079
_d
236079